<?xml version="1.0" encoding="UTF-8"?><?xml-stylesheet type="text/xsl" href="static/style.xsl"?><OAI-PMH xmlns="http://www.openarchives.org/OAI/2.0/" xmlns:xsi="http://www.w3.org/2001/XMLSchema-instance" xsi:schemaLocation="http://www.openarchives.org/OAI/2.0/ http://www.openarchives.org/OAI/2.0/OAI-PMH.xsd"><responseDate>2026-04-13T07:32:10Z</responseDate><request verb="GetRecord" identifier="oai:www.recercat.cat:20.500.12694/7252" metadataPrefix="marc">https://recercat.cat/oai/request</request><GetRecord><record><header><identifier>oai:recercat.cat:20.500.12694/7252</identifier><datestamp>2025-12-18T12:08:53Z</datestamp><setSpec>com_2072_179042</setSpec><setSpec>col_2072_484474</setSpec></header><metadata><record xmlns="http://www.loc.gov/MARC21/slim" xmlns:dcterms="http://purl.org/dc/terms/" xmlns:xsi="http://www.w3.org/2001/XMLSchema-instance" xmlns:doc="http://www.lyncode.com/xoai" xsi:schemaLocation="http://www.loc.gov/MARC21/slim http://www.loc.gov/standards/marcxml/schema/MARC21slim.xsd">
   <leader>00925njm 22002777a 4500</leader>
   <datafield ind2=" " ind1=" " tag="042">
      <subfield code="a">dc</subfield>
   </datafield>
   <datafield ind2=" " ind1=" " tag="720">
      <subfield code="a">Valenzuela Valenzuela, Diego</subfield>
      <subfield code="e">author</subfield>
   </datafield>
   <datafield ind2=" " ind1=" " tag="260">
      <subfield code="c">2014-04-10</subfield>
   </datafield>
   <datafield ind2=" " ind1=" " tag="520">
      <subfield code="a">“L'univers sonor de la guitarra amplificada” és la culminació d'un procés d'anys de recerca, experimentació i depuració de coneixements tècnics i teòrics sobre l'enorme paleta de possibilitats tímbriques que ens ofereix la guitarra, sigui elèctrica, clàssica, acústica o flamenca. L'objectiu principal d'aquest treball és atorgar al lector una gamma tan completa com sigui possible d'eines que li ajudin a comprendre les condicionants del so de l'instrument, per així ajudar‐lo en la cerca personal d'aquesta guitarra “perfecta” o, en defecte d'això, per orientar‐lo per trobar i personalitzar la que més se li apropi.</subfield>
   </datafield>
   <datafield ind2=" " ind1=" " tag="520">
      <subfield code="a">“El universo sonoro de la guitarra amplificada” es la culminación de un proceso de años de investigación, experimentación y depuración de conocimientos técnicos y teóricos sobre la enorme paleta de posibilidades tímbricas que nos ofrece la guitarra, ya sea eléctrica, clásica, acústica o flamenca. El objetivo principal de este trabajo es otorgar al lector una gama lo más completa posible de herramientas que le ayuden a comprender las condiciones del sonido del instrumento y así guiarlo en su búsqueda personal de la guitarra “perfecta” o, en su defecto, para orientarlo a encontrar y personalizar la que más se le acerque.</subfield>
   </datafield>
   <datafield ind2=" " ind1=" " tag="520">
      <subfield code="a">“The Sonorous Universe of the Amplified Guitar” is the culmination of a process of years of investigation, experimentation, and refinement of technical and theoretical knowledge about the enormous palette of tonal possibilities the guitar offers us, whether electric, classical, acoustic, or flamenco. The principal aim of this work is to grant the reader a complete range of tools that help them understand the determining factors in its sound production, and ultimately assist them in the personal search for this “perfect” guitar, or at least guide them to find and personalize the one that comes closest to this ideal.</subfield>
   </datafield>
   <datafield ind1="8" ind2=" " tag="024">
      <subfield code="a">http://hdl.handle.net/20.500.12694/7252</subfield>
   </datafield>
   <datafield tag="653" ind2=" " ind1=" ">
      <subfield code="a">TFG Jazz i música moderna</subfield>
   </datafield>
   <datafield tag="653" ind2=" " ind1=" ">
      <subfield code="a">Guitarra--Propietats acústiques</subfield>
   </datafield>
   <datafield tag="653" ind2=" " ind1=" ">
      <subfield code="a">Guitarra elèctrica</subfield>
   </datafield>
   <datafield tag="653" ind2=" " ind1=" ">
      <subfield code="a">So</subfield>
   </datafield>
   <datafield tag="653" ind2=" " ind1=" ">
      <subfield code="a">Amplificadors de baixa freqüència</subfield>
   </datafield>
   <datafield ind2="0" ind1="0" tag="245">
      <subfield code="a">El universo sonoro de la guitarra amplificada</subfield>
   </datafield>
</record></metadata></record></GetRecord></OAI-PMH>